Регионална библиотека "Любен Каравелов" - Русе

Използване на научно-техническите средства в обучението по физика (Запис номер 468894)

MARC детайли
000 -Лидер
Контролно поле с фиксирана дължина nam a22 a 4500
003 - Код на организацията, давaща контролен номер
Контролно поле BLK
005 - Дата и час на последна редакция
Контролно поле 20221208031257.0
008 - Елементи от данни с фиксирана дължина
fixed length control field 220802b bu |||||r|||| 00| | bu d
040 ## - Източник на каталожния запис
Идентификатор на билиотеката - собственик на записа BLK
041 ## - Код за език
Код за езика на текст/звукозапис или на отделно заглавие Български
Код за езика КДБФ Български
080 ## - УДК
Текстов определител УДК Физика в основното училище
УДК код - определител по УДК 373.3.016:53
УДК - код + определител 373.3.016:53
100 ## - Редна дума - Автор
R(LIN) 1299
Автор Галанов, Петър Николов
Авторска отговорност първи автор
139 ## - Редно поле
Редна дума Галанов, Петър Н.
245 ## - Сведения за заглавието
Заглавие Използване на научно-техническите средства в обучението по физика
Подзаглавни данни [В помощ на учителите от средното у-ще]
Редно поле (дума) П. Галанов, Йордан Ст. Фурнаджиев
260 ## - Област на издателските данни
9 (RLIN) 216179
Място на издаване, разпространение и проч. София
Име на издателя, разпространителя и проч. Нар. просв.
Година на издаване 1972
300 ## - Физическа характеристика
Страници 44 с.
Илюстрации и др. с ил.
Размери/Мащаб 25 см
380 ## - Жанр
Жанр Обществени науки
500 ## - Общи забележки
Забележка Авт. не са дадени на кор
650 #0 - Допълнително описание по предмет – тема
9 (RLIN) 277158
Основно описание – тема или топоним Физика - методика на преподаването
653 #7 - Ключова дума – ненормативна
9 (RLIN) 199275
Ключова дума физика
653 #7 - Ключова дума – ненормативна
9 (RLIN) 190920
Ключова дума методика на преподаването
700 ## - Други автори (авторска отговорност)
Лично име Фурнаджиев, Йордан Ст.
Автороска отговорност (Описва отношението между автора и произведението) съавт.
9 (RLIN) 1445
852 ## - Местоположение
Форматна сигнатура Цб 62646
Фондова буква Хранилище
999 ## - СИСТЕМНИ КОНТРОЛНИ НОМЕРА
Koha biblionumber 468894
Koha biblioitemnumber 468894
942 ## - АРТИКУЛИ
Вид на библиотечния материал Книги
Скрит в OPAC Не
Периодичен библиозапис Да
944 ## - СЪЗДАВАНЕ И РЕДАКЦИЯ на ЗАПИСА
Създаване/Редакция Създаване
Дата на регистрацията/редакция 2022-08-02
Служител, извършил регистрацията/редакцията Микаела Микова-Илиева
Статус, дата на статуса 2022-08-02
Наличности
Код за отписване Код за изгубен артикул Източник на класификационната схема Код за повреда Коз за рестрикции Код за отдаване Артикулен № Име на библиотеката - собственик Име на библиотеката, в която се намира в момента Статус (Текущо местоположение) Дата на вписване в системата Местоположение - отдел Цена в лева Инвентарен номер Систематично азбучна сигнатура Баркод Цена в евро Служебен тип на артикула
  Не е изгубен Universal Decimal Classification Не е повреден само за читалня ползва се в читалня 899530 Регионална библиотека "Любен Каравелов" Русе Регионална библиотека "Любен Каравелов" Русе Хранилище 2022-08-10 Хранилище 0.13 113806 Цб 62646 120000113806 0.07 Книги
Vip Innovations Ltd, Rousse, Bulgaria 2025